000 00509nam a2200205Ia 4500
003 OSt
005 20230417143621.0
008 210423s2010 xx 000 0 und d
020 _a9788184895995
040 _cAL
041 _aeng
082 _223
_a512
_bCHAA
100 _aCHAMBERT-LOIR (Antoine).
_989419
245 _aField guide to algebra.
260 _aNew Delhi
_bSpringer Pvt Ltd
_c2010
300 _ax,195
_bPB
365 _b295
_cINR
906 _aalgebra. ; Field ; guide
942 _2ddc
_cBK
999 _c160571
_d160571